| 000 | 00440nam a2200169Ia 4500 | ||
|---|---|---|---|
| 003 | GCL | ||
| 008 | 140319s9999 xx 000 0 ara d | ||
| 040 |
_aGCL / _cGCL |
||
| 082 | 0 | 4 |
_aق _b923.1 _bا م |
| 100 | 1 | _aاسماعيل صدقى | |
| 245 | 1 | 0 |
_aمذكراتى / _cاسماعيل صدقى |
| 300 | _a141 ص | ||
| 490 | _a | ||
| 650 | 0 | 4 | _aالسياسيون المصريون |
| 650 | 0 | 4 | _aاسماعيل صدقى |
| 942 |
_2ddc _cBK |
||
| 999 |
_c44800 _d44800 |
||